Statistiques concernant Culture Générale - Série 2177

Cliquez ici pour prendre le quiz!

Statistiques générales

  • Ce quiz a été pris 86 fois
  • Le résultat moyen est 4 sur 10

Statistiques - réponses

QuestionRéponse% Correct
Qui a réalisé "Nous finirons ensemble" en 2019 ? prénom et nom - voir photoGuillaume Canet
76%
Quel était le prénom du physicien qui a découvert la loi sur la gravité ?Isaac
68%
De quel métal "Sn" est-il le symbole ?étain
62%
Contenance hautaine et méprisante ou salle où l'on garde momentanément les personnes décédéesmorgue
55%
Tourbillon à l'arrière d'un navire dont l'anagramme est "moeurs"remous
47%
Le footballeur international portugais Pedro Miguel Pauleta, était surnommé : "L'aigle des ....Açores
27%
Quel dirigeant, dictateur, de l'Europe de l'Est, se surnommait "le génie des Carpates" ?Nicolae Ceaușescu
21%
Quel satellite de Saturne porte le nom du dieu des bergers dans la mythologie grecque ?pan
19%
Quel était le prénom du célèbre amiral Nelson qui a péri lors de la bataille de Trafalgar en 1805 ?Horatio
17%
En philologie, comment appelle-t-on une étude approfondie et critique d'un texte ? - 7 lettres commençant par " é "éxégèse
14%

Distribution des résultats

Percentile par nombre de réponses

% des personnes avec chaque résultat

Votre développement - résultats

Vous n’avez pas pris ce quiz